The waste land = (Record no. 181472)

MARC details
000 -LEADER
campo de control de longitud fija 00840nam a2200229 i 4500
001 - NÚMERO DE CONTROL
campo de control 181472
003 - IDENTIFICADOR DE NÚMERO DE CONTROL
campo de control ES-MaACL
005 - FECHA Y HORA DE LA ÚLTIMA TRANSACCIÓN
campo de control 20240502063051.0
008 - DATOS DE LONGITUD FIJA--INFORMACIÓN GENERAL
campo de control de longitud fija 130117s2010 pe |||| | spa d
080 ## - NÚMERO DE LA CLASIFICACIÓN DECIMAL UNIVERSAL
Número de la Clasificación Decimal Universal 821.111(73)-14"19"
100 1# - ENTRADA PRINCIPAL--NOMBRE DE PERSONA
Nombre de persona Eliot, T. S.,
Fechas asociadas al nombre 1888-1965
9 (RLIN) 46996
245 14 - MENCIÓN DEL TÍTULO
Título The waste land =
Resto del título La tierra agostada /
Mención de responsabilidad, etc. T. S. Eliot ; edición y traducción de Ricardo Silva-Santisteban.
250 ## - MENCION DE EDICION
Mención de edición Ed. para circulación privada.
260 ## - PUBLICACIÓN, DISTRIBUCIÓN, ETC.
Lugar de publicación, distribución, etc. [Lima :
Nombre del editor, distribuidor, etc. Ricardo Silva-Santisteban,
Fecha de publicación, distribución, etc. 2010]
300 ## - DESCRIPCIÓN FÍSICA
Extensión 132 p. :
Otras características físicas 1 retr. autor ;
Dimensiones 24 cm.
546 ## - NOTA DE IDIOMA
Nota de lengua/lenguaje Texto en inglés y traducción en español.
700 1# - ENTRADA AGREGADA--NOMBRE PERSONAL
Nombre de persona Silva-Santisteban, Ricardo.
9 (RLIN) 106408
740 32 - ENTRADA AGREGADA--TÍTULO RELACIONADO/ANALÍTICO NO CONTROLADO
Título relacionado o analítico no controlado La tierra agostada.
852 4# - LOCALIZACIÓN
Ubicación ES-MaACL
Número de control de estantería A-12545
itemnumber 188373
Sublocalización o colección R.148611
Ubicación en estantería Depósito 1
Signatura antigua Olim: N-5548
942 ## - ELEMENTOS DE ENTRADA SECUNDARIOS (KOHA)
Fuente del sistema de clasificación o colocación Clasificación decimal universal
Tipo de ítem Koha Libro impreso
Holdings
Estatus retirado Estado de pérdida Fuente del sistema de clasificación o colocación Estado de daño No para préstamo Biblioteca de origen Biblioteca actual Ubicación en estantería Fecha de adquisición Fuente de adquisición Total de préstamos Signatura topográfica completa Código de barras Visto por última vez Precio de reemplazo Tipo de ítem Koha
    Clasificación decimal universal     Biblioteca del Ateneo de Madrid Biblioteca del Ateneo de Madrid Depósito 1 17/01/2013 Compra   A-12545 1190713 23/02/2023 23/02/2023 Libro impreso